Sanat - "Evakon laulu" - Statistics

Yleistilastot
  • Tätä visaa on pelattu 67 kertaa
  • Keskiarvotulos 112 / 238
Vastaustilastot
Vastaus % Oikein
a
89%
kun
89%
oli
89%
äiti
84%
ja
84%
julma
84%
Karjala
84%
se
84%
tullut
84%
tykkipatteri
84%
yöllä
84%
aamu
79%
Illalla
79%
metsään
79%
mitä
79%
mua
79%
nukkumaan
79%
tullessaan
79%
tuopi
79%
aavistanut
74%
en
74%
oma
74%
peitti
74%
evakoiden
68%
he
68%
kaunis
68%
pian
68%
silloin
68%
vaelsi
68%
ei
63%
hiljaa
63%
meille
63%
mie
63%
on
63%
rivi
63%
tiellä
63%
tumma
63%
heinäkärriin
58%
kahvipannu
58%
kalliit
58%
kannettiin
58%
karjalaisten
58%
kerran
58%
koko
58%
lasta
58%
mun
58%
naapurimme
58%
nyytit
58%
omaisuus
58%
pää
58%
pinnassa
58%
rajan
58%
sekä
58%
siunattiin
58%
sodan
58%
tässä
58%
tuli
58%
uus
58%
annettiin
53%
pääsen
53%
pauhu
53%
pientä
53%
siviiliin
53%
viisi
53%
junaan
47%
kanssa
47%
kirje
47%
kirkon
47%
kuului
47%
lähtöaikaa
47%
Meitä
47%
meitä
47%
nuo
47%
pieni
47%
rinnassa
47%
sankarhautaan
47%
sinne
47%
varttitunti
47%
veli
47%
viel
47%
vielä
47%
viereen
47%
äesti
42%
asumaan
42%
epävarmuus
42%
isältä
42%
istuin
42%
jää
42%
jäyti
42%
junassa
42%
kuin
42%
kuinka
42%
lapsenkasvoiset
42%
lastattiin
42%
lotat
42%
Omaa
42%
päälle
42%
päästä
42%
sanoi
42%
seisoi
42%
silmät
42%
syntyi
42%
ummessa
42%
vänrikit
42%
vastaan
42%
veljen
42%
äidin
37%
elon
37%
evakoita
37%
isäntä
37%
jätti
37%
Karjalainen
37%
kauravelliä
37%
kerroin
37%
kiurut
37%
kunnantaloon
37%
kysymyksiin
37%
leivän
37%
matkan
37%
mikä
37%
mökkiin
37%
muuttamaan
37%
nuoret
37%
omaan
37%
päästään
37%
pellon
37%
perille
37%
pienen
37%
porsaslaatikon
37%
säesti
37%
särvintä
37%
Selvään
37%
selviää
37%
sota
37%
Suomen
37%
taivaan
37%
taivasläntti
37%
tarkkaan
37%
tielle
37%
toivat
37%
tulikin
37%
vain
37%
vastattiin
37%
virkamiesten
37%
eräs
32%
et
32%
hälle
32%
heitä
32%
helliä
32%
huutokaupassa
32%
jättivät
32%
johti
32%
kansa
32%
kattoin
32%
kotikujan
32%
kuhan
32%
kuumaa
32%
kysyivät
32%
kyyneleiden
32%
laidalla
32%
määrää
32%
mannaa
32%
mannut
32%
marssi
32%
mentiin
32%
muistanut
32%
ole
32%
päästiin
32%
poloisia
32%
ryppyinen
32%
siinä
32%
siitä
32%
soturit
32%
suistanut
32%
tahtoa
32%
tahtoivat
32%
uuden
32%
vuoden
32%
Aamuyöllä
26%
alkamista
26%
Asemalla
26%
enää
26%
Häipyi
26%
kyytiin
26%
mättivät
26%
Mekin
26%
moni
26%
niin
26%
rakkaat
26%
Tietyömiehet
26%
vot
26%
aavistaisi
21%
elämässään
21%
heille
21%
hetkensä
21%
isännät
21%
kohden
21%
Kolmen
21%
kulki
21%
oltiin
21%
päätä
21%
päätepaikassa
21%
päivän
21%
peltotilkkuaan
21%
retkensä
21%
viime
21%
vakaana
16%
lisäsi
11%
Ehtoja vastaavia visoja ei löytynyt
Tulosjakauma
Jokaisen tuloksen saaneiden osuus
Persentiili vastausten määrän mukaan
Tuloshistoriasi
Et ole pelannut tätä visaa